00515nam a2200205Ia 4500003000400000005001700004008004100021020001500062040000700077041000800084082002400092100001700116245007200133250000600205260004000211300001700251365001300268650001400281650001400295OSt20230325103111.0210423s2004 xx 000 0 und d a1405128097 cAL aeng a330.0151 223bSOPJ aSOPER (Jean) aMathematics for economics and business: an interactive introduction a2 aNew DelhibBirla Publicationsc2004 axxii,404bPB b895cINR aEconomics aEconomics